000 01587nam0a2200337 i 4500
001 RU\NLR\BIBL_A\010308137
005 20260406125224.0
010 _a9785991027359
_bРоссия
010 _a978-966-14-6362-1
_bУкраина
_924000
035 _a(NILC)RuMoRGB-006746377
035 _a(NLR Aleph) 010308137
090 _a10626947
_c10626947
100 _a20140421d2014 u y0rusy50 ca
101 1 _arus
_cger
102 _aUA
_aRU
105 _aac||z|||000zy
200 1 _aСтрадания юного Вертера
_e[роман]
_aЭгмонт
_e[трагедия]
_aИфигения в Тавриде
_a[драма]
_fИоганн Вольфганг Гете
_g[пер. с нем. Натальи Касаткиной и др.
_gсост. и примеч. И.С. Веселовой
_gвступ. ст. А.Н. Веселовского]
210 _aХарьков
_aБелгород
_cКлуб семейного досуга
_d2014
215 _a428, [2] с., [4] л. цв. ил.
_cил., портр.
_d20
225 1 _aБриллиантовая коллекция классического романа
320 _aБиблиогр. в подстроч. примеч.
333 _a16+
686 1 _aШ6(4Г)457я44{Лх1355сб}
700 1 _7ca
_8rus
_aГете
_bИ. В.
_f1749-1832
_gИоганн Вольфганг
_9111380
_3RU\NLR\AUTH\771353
801 0 _aRU
_bРГБ
_c20140227
_gRCR
801 1 _aRU
_bРГБ
_c20140227
_2rusmarc
942 _cBOOK
980 _aNBR